Place anyone?: a comment on the McAllister and Johnston papers

Spremljeno u:
Bibliografski detalji
Glavni autor: Agnew, John A.
Autor kompanije: Syracuse University
Format: Tekst
Izdano: s.l: Butterworth & Co
Teme:
Oznake: Dodaj oznaku
Bez oznaka, Budi prvi tko označuje ovaj zapis!

MARC

LEADER 00000 a a2200000 04500
001 32884
003
040
090 |a 205300  
100 |a Agnew, John A.  
110 |a Syracuse University  
245 |a Place anyone?: a comment on the McAllister and Johnston papers  
260 |a s.l:   |b Butterworth & Co  
300 |a pp. 39-49  
500 |a Contenido: The individual the social and reconceptualizing contextual effects / Kevin R. Cox -- Comment on Johnston / Ian McAllister-- Publicado en: Political Geography Quarterly, vol 6 n° January 1987  
650 |a ASPECTOS GEOGRAFICOS  
650 |a TEORIA POLITICA  
650 |a ANALISIS COMPARATIVO  
650 |a CULTURA POLITICA  
999 |c 4761  |d 4761